Manual de instrucciones de la iglesia (Registro nro. 13174)

Detalles MARC
000 -LEADER
fixed length control field 00715nam a22001817a 4500
003 - CONTROL NUMBER IDENTIFIER
control field DO-SdBNP
005 - DATE AND TIME OF LATEST TRANSACTION
control field 20171128144920.0
008 - FIXED-LENGTH DATA ELEMENTS--GENERAL INFORMATION
fixed length control field 171128b1999 xxu| |||| 00| 0 spa d
040 ## - CATALOGING SOURCE
Original cataloging agency BPMSU
Language of cataloging spa
Transcribing agency BPMSU
245 ## - TITLE STATEMENT
Linkage
Title Manual de instrucciones de la iglesia
260 ## - PUBLICATION, DISTRIBUTION, ETC. (IMPRINT)
Place of publication, distribution, etc. Salt Lake :
Name of publisher, distributor, etc. La Iglesia de Jesucristo de los Santos de los últimos Días
Date of publication, distribution, etc. 1999
300 ## - PHYSICAL DESCRIPTION
Extent varias paginaciones . ;
Dimensions 29 cm.
505 ## - FORMATTED CONTENTS NOTE
Formatted contents note Libro 2 :
Title Lideres del sacerdocio y de las organizaciones auxiliares --
Miscellaneous information Sección 2 :
Title Sacerdocio
-- Aerónico
710 ## - ADDED ENTRY--CORPORATE NAME
Corporate name or jurisdiction name as entry element La Iglesia de Jesucristo de los Santos de los últimos Días
942 ## - ADDED ENTRY ELEMENTS (KOHA)
Source of classification or shelving scheme Dewey Decimal Classification
Koha item type Libros
945 ## - LOCAL PROCESSING INFORMATION (OCLC)
a Inventariado extranjero / 2017
956 ## - LOCAL ELECTRONIC LOCATION AND ACCESS (OCLC)
Host name VMATEO
Access number 10
Compression information 20171128
Path BPMSU
Electronic name 0069
Existencias
Withdrawn status Lost status Source of classification or shelving scheme Damaged status Not for loan Collection code Home library Current library Date acquired Source of acquisition Total Checkouts Barcode Date last seen Price effective from Koha item type
    Dewey Decimal Classification     Colección General Biblioteca Pública Metropolitana Salomé Ureña Biblioteca Pública Metropolitana Salomé Ureña 11/28/2017 Rocio Morillo   BPMSU17110502 11/28/2017 11/28/2017 Libros